| 000 | 01099cam a22003137a 4500 | ||
|---|---|---|---|
| 003 | CHAP | ||
| 005 | 20220329133912.0 | ||
| 008 | 971013s1963 r 00010 d | ||
| 010 | _a12483 | ||
| 011 | _a13455 | ||
| 035 | _a17526 | ||
| 040 | _cCHAP | ||
| 082 |
_a333.0987 _bG55 |
||
| 100 | 0 | 0 |
_aGiménez Landínez, Víctor Manuel. _948070 |
| 245 | 1 | 3 | _aLa reforma agraria integral |
| 260 |
_aCaracas : _bMinisterio de Agricultura y Cría, _c1963-64 |
||
| 300 | _a2 v. | ||
| 590 |
_aBATCH-UPD _b10 _c20130110 _lUCH01 _h2255 |
||
| 590 |
_aBATCH-UPD _b10 _c20130410 _lUCH01 _h1549 |
||
| 590 |
_aBATCH-UPD _b10 _c20130914 _lUCH01 _h1957 |
||
| 590 |
_aCONVERSION _b10 _c20130109 _lUCH01 _h1308 |
||
| 650 | 1 | 4 |
_aReforma agraria _xVenezuela. _995591 |
| 901 | _aBK | ||
| 942 | _cLIBRO | ||
| 949 |
_a333.0987 G55 _bBC _cBPA _d-41311 _eBPA _fv.1 _h3924 _i17526 _si |
||
| 949 |
_a333.0987 G55 _bBC _cBPA _d33724000329736 _eBPA _fv.2 c.2 _h3827 _i17526 _si |
||
| 949 |
_a333.0987 G55 _bBC _cLIBRO _d33724000329744 _eLIBRO _fv.1 c.2 _h3925 _i17526 _si |
||
| 949 |
_a333.0987 G55 _bBC _cLIBRO _d33724000329751 _eLIBRO _fv.2 _h3826 _i17526 _si |
||
| 999 |
_c12483 _d12483 |
||